000 00842cam a22002654a 4500
003 UPN
005 20240326063652.0
008 090216s2000 ag a r 000 f spa d
020 _a9500285444
035 _aUPN01000169301
040 _aUPN
_bspa
_cUPN
049 _aCG
050 4 _aPQ9697 V37
_bC34 2000
100 1 _aVasconcelos, José Mauro de,
_d1920-1984
_930264
245 1 0 _aCalle descalza /
_cJosé Mauro de Vasconcelos ; traducción Haydée M. Jofre Barroso.
250 _aQuinta edición
260 _aBuenos Aires :
_bEl Ateneo,
_c2000.
300 _a165 páginas :
_bilustraciones
534 _pTitulo original:
_tRua descalca
650 4 _aNovela brasileña
_95077
700 1 _aJofre Barroso, Haydée M.
_d1916-2006
_etraductora
_946423
902 _bCarolina Alvarado/190922/M
905 _aLibro
942 _2lcc
_cLIBRO
999 _c141407
_d141407